Entrenamiento mental: como el cálculo y los números aumentan el potencial de la mente (Registro nro. 1865)
[ vista simple ]
| 000 -CABECERA | |
|---|---|
| campo de control de longitud fija | 00600aam a2200205 4500 |
| 005 - FECHA Y HORA DE ACTUALIZACIÓN | |
| campo de control | 20161101101051.0 |
| 008 - LONGITUD FIJA | |
| campo de control de longitud fija | 150717b xxu||||| |||| 00| 0 spa d |
| 041 ## - IDIOMA | |
| Código de idioma del texto/pista de sonido o título separado | |
| 082 ## - CLASIFICACIÓN DECIMAL DEWEY | |
| Número de clasificación | 153.43 C845e4 |
| 100 ## - AUTOR PERSONAL | |
| Nombre de persona | Coto, Alberto |
| 245 ## - TÍTULO PROPIAMENTE DICHO | |
| Título | Entrenamiento mental: como el cálculo y los números aumentan el potencial de la mente |
| 260 ## - PIE DE IMPRENTA | |
| Lugar de publicación, distribución, etc. | España |
| Nombre del editor, distribuidor, etc. | EDAF |
| Fecha de publicación, distribución, etc. | 2010 |
| 300 ## - DESCRIPCIÓN FÍSICA | |
| Extensión | 192 páginas |
| 650 ## - Materia General | |
| Materia general | CALCULO MENTAL |
| 650 ## - Materia General | |
| Materia general | LOGICA |
| 650 ## - Materia General | |
| Materia general | CALCULO MATEMATICO |
| 650 ## - Materia General | |
| Materia general | RAZONAMIENTO |
| 650 ## - Materia General | |
| Materia general | MATEMÁTICA |
| 942 ## - Punto de Acceso Adicional Koha | |
| Tipo de ítem Koha | Libro |
| Estado perdido | Estado dañado | No para préstamo | Biblioteca permanente | Biblioteca actual | Signatura completa | Código de barras | Precio efectivo a partir del | Tipo de ítem |
|---|---|---|---|---|---|---|---|---|
| Departamento de Biblioteca y Documentación Alfonso Chase Brenes | Departamento de Biblioteca y Documentación Alfonso Chase Brenes | 153.43 C845e4 | 16980 | 22/08/2016 | Libro |